000 00519nam a2200157 4500
999 _c5399
_d5399
008 161024b xxu||||| |||| 00| 0 eng d
022 _a9770118389007
082 _aDPer 641.05 F73 Mar-Nov 2012
100 _916662
_aSamson, Tintin
245 _aAuthentic Thai food and a beautiful hideaway at Basil/
_cTintin Samson.
260 _aQuezon City:
_bABS CBN Publishing, Inc.,
_c©2012.
300 _apages 26-27;
_c30 cm.
500 _aFood.
650 0 _916663
_a Restaurants
942 _2ddc
_cPER